Catherine Deneuve nominations cesars - Statistiques

Statistiques générales
  • Ce quiz a été pris 164 fois
  • Le résultat moyen est 9 sur 14
Statistiques - réponses
Hint Réponse % Correct
1981 le dernier metro
95%
1993 indochine
89%
2011 potiche
74%
1976 le sauvage
70%
1999 place vendôme
65%
2016 la tête haute
63%
1994 ma saison préférée
63%
1982 hôtel des ameriques
62%
2014 elle s'en va
58%
1989 drôle d'endroit pour une rencontre
53%
2006 palais royal
53%
1997 les voleurs
51%
2015 dans la cour
49%
1988 agent trouble
42%
Aucun quiz correspondant
Distribution des résultats
% des personnes avec chaque résultat
Percentile par nombre de réponses
Votre historique - résultats
Vous n’avez pas pris ce quiz